000 00375nam a22001457a 4500
005 20250916143710.0
008 250916b |||||||| |||| 00| 0 eng d
020 _a9798887150451
050 _aTK 5105.5.L38
100 _aLAUTNER JUNE
245 _aWIRELESS AND MOBILEV NETWORK ARCHITECTUE
260 _aNEWYORK
_bORYSON PRESS
_c2023
300 _aX,302
942 _2lcc
_cBK
999 _c216108
_d216108